000 00372nam a2200145Ia 4500
008 151213s9999 xx 000 0 und d
100 _aJohn F. Danby
245 _aApproach to Poetry
_cJohn F. Danby
260 _aLondon
_bHeineman
_c1967
300 _a8854 p.
650 _aEnglish Literature
650 _aEnglish Literature
700 _aJohn F. Danby
999 _c4639
_d4639